1395 1629 1843 1349 1027 1367 1010 1243 1501 1905 1690 1171 1062 1620 1329 1223 1462 1398 1734 1612 1655 1553 1932 1454 1165 1188 1758 1224 1365 1253 1017 1419 1328 1785 1564 1824 1376 1885 1172 1740 1698 1193 1287 1277 1262 1346 1007 1760 1583 1397 1943 1365 1597 1626 1590 1108 1294 1745 1720 1234 1552 1262 1346 1895 1568 1075 1513 1829 1691 1880 1822 1569 1290 1698 1335 1992 1513 1446 1276 1788 1634 1353 1304 1257 1637 1275 1125 1574 1157 1425 1204 1379 1670 1576 1167 1790 1227 1948 1324 BCNSPRNW ULIB Ver.6.0+V

เปลี่ยนเป็นภาษาไทย

Change to English
 แสดงรายละเอียดบรรณานุกรม
  กลับหน้าหลัก

Brief Record : Get Marc (ISO 2709) : E-mail record : QR code < ปิดหน้าต่าง
LEADER : 00000nam 2200000uu 4500
001    13399120255
003     ULIB
008    120917s2548||||th 000 0 tha d
020    ^a9789744725110
050 04 ^aQU4^bL111ค 2548
100 1  ^aไรอัน, ลอว์รี
245 10 ^aเคมี /^cLawrie Ryan ; แปล: จินดา อุดชาชน ... [และคนอื่นๆ]
250    ^aพิมพ์ครั้งที่ 6
260    ^aกรุงเทพฯ :^bนานมีบุ๊คส์พับลิเคชั่นส์,^c2548
300    ^a352 หน้า :^bภาพประกอบ
500    ^aหนังสือเสริมเพื่อการเรียนวิทยาศาสตร์ระดับมัธยมศึกษาหลักสูตรแห่งชาติระดับมัธยมศึกษา (GCSE) ของประเทศอังกฤษ
650  7 ^aเคมี
700 00 ^aจินดา อุดชาชน,^eแปล
945    ^p450^l0^i14800
995    ^aกัณชพร
999    ^aใช้งานได้ทุกระบบ
รายการนี้ยังไม่มีแท็ก
คุณยังไม่ได้ล็อกอิน คุณสามารถมีกิจกรรมร่วมกับเว็บไซต์ได้ แต่ต้องล็อกอินก่อน ::
  ล็อกอิน

รายการสื่อสารสนเทศ

ลำดับที่ ประเภท เลขเรียก/บาร์โค้ด สถานที่ สถานะ
1. วิทยาศาสตร์การแพทย์ และสุขภาพ
วิทยาศาสตร์การแพทย์ และสุขภาพ
QU4 L111ค 2548  
  Barcode: 14800
ห้องสมุดวิทยาเขตสวรรค์ประชารักษ์
►หนังสือทั่วไป
บนชั้น

รายการใกล้เคียง
    ผู้แต่ง [ไรอัน, ลอว์รี]

    หัวเรื่อง [เคมี]

BibComment


ยังไม่เคยถูกคอมเมนท์

คอมเมนท์ทรัพยากรรายการนี้
  คอมเมนท์: เคมี Lawrie Rya..


 Copyright 2026. Bcnsprnw @Library